[Event "63. BEM 2009"]
[Site "Dortmund"]
[Date "2009.02.24"]
[Round "2.4"]
[White "Duschek, Günter"]
[Black "Lindam, Ingo"]
[Result "0-1"]
[WhiteElo "1640"]
[BlackElo "2033"]
[PlyCount "60"]
[EventDate "2009.??.??"]
[Source "SG Dortmund"]
[SourceDate "2004.12.16"]

1. d4 f5 2. e4 fxe4 3. Nc3 Nf6 4. Bg5 Nc6 5. Bxf6 exf6 6. f3 d5 7. Bb5 Bb4 8.
fxe4 O-O 9. a3 Bxc3+ 10. bxc3 Re8 11. Bd3 Bf5 12. Ne2 Bxe4 13. Bxe4 Rxe4 14.
O-O Qd7 15. Ng3 Re3 16. Qd2 Rae8 17. Rae1 Qe6 18. Rb1 Na5 19. Qc1 g6 20. Rd1 b6
21. Qd2 Nc4 22. Qf2 Rxc3 23. Nf1 Qf5 24. Qh4 Re4 25. Qh6 Rxc2 26. Kh1 Rxg2 27.
Kxg2 Re2+ 28. Kg3 Qf2+ 29. Kh3 Qg2+ 30. Kh4 Re4+ 0-1

[Event "63. BEM 2009"]
[Site "Dortmund"]
[Date "2009.02.24"]
[Round "2.5"]
[White "Zelt, Jens"]
[Black "Flierdl, Lothar"]
[Result "1-0"]
[WhiteElo "2015"]
[BlackElo "1675"]
[PlyCount "103"]
[EventDate "2009.??.??"]
[Source "SG Dortmund"]
[SourceDate "2004.12.16"]

1. c4 Nf6 2. b3 g6 3. Bb2 Bg7 4. g3 d6 5. Bg2 c6 6. d3 e5 7. Nd2 O-O 8. Ngf3
Re8 9. O-O Nbd7 10. b4 Nf8 11. Nb3 Qc7 12. a4 a6 13. Rc1 Be6 14. Nfd2 Qc8 15.
Re1 Bh3 16. Bh1 Qd7 17. Qc2 h5 18. Bc3 h4 19. Qb2 hxg3 20. hxg3 Nh5 21. Nf3 Qg4
22. Nh2 Qg5 23. Bd2 Qf5 24. e4 Qd7 25. Qc2 Rac8 26. Qd1 Nf6 27. Bf3 Be6 28. Be3
Red8 29. Bb6 Re8 30. Qd2 Ng4 31. Nxg4 Bxg4 32. Bh1 Kh7 33. Be3 Be6 34. d4 b5
35. d5 cxd5 36. cxd5 Bg4 37. f3 bxa4 38. Na5 Bh3 39. Qh2 Kg8 40. Nc6 Nh7 41. g4
Bxg4 42. fxg4 Qxg4+ 43. Qg2 Qd7 44. Qg3 Nf6 45. Bf3 Qb7 46. Rc4 Kf8 47. Kg2 Qb5
48. Rec1 Qb7 49. Bg5 Nh7 50. Bd2 Nf6 51. Qh3 a3 52. Na5 1-0

[Event "63. BEM 2009"]
[Site "Dortmund"]
[Date "2009.02.24"]
[Round "2.6"]
[White "Lauche, Christoph"]
[Black "Raskin, Vitali"]
[Result "1-0"]
[WhiteElo "1950"]
[BlackElo "1612"]
[PlyCount "107"]
[EventDate "2009.??.??"]
[Source "SG Dortmund"]
[SourceDate "2004.12.16"]

1. e4 c5 2. b4 cxb4 3. a3 d5 4. exd5 Qxd5 5. Nf3 e6 6. axb4 Bxb4 7. Na3 Nc6 8.
Nb5 Qd8 9. c3 Be7 10. d4 Nf6 11. Bd3 a6 12. O-O Bd7 13. Na3 O-O 14. c4 Nb4 15.
Ne5 Nxd3 16. Qxd3 Bc6 17. Nxc6 bxc6 18. Rd1 Qc7 19. Qf3 Rfd8 20. Bb2 Rab8 21.
Qc3 Ne4 22. Qc2 Qf4 23. Re1 Qxf2+ 24. Qxf2 Nxf2 25. Bc3 Nd3 26. Red1 Nf4 27.
Kf2 Rb3 28. Nb1 Rdb8 29. g3 Nh3+ 30. Ke2 f5 31. Kd2 Ng5 32. Kc2 Ne4 33. Rxa6
R8b6 34. Rxb6 Rxb6 35. c5 Rb7 36. Nd2 Nxc3 37. Kxc3 Kf7 38. Ra1 Bf6 39. Nf3 g5
40. Ra6 Rc7 41. Kc4 g4 42. Ne1 h5 43. Nc2 h4 44. Nb4 hxg3 45. hxg3 e5 46. d5 f4
47. Nxc6 fxg3 48. Ra3 Bh4 49. Nxe5+ Ke8 50. Ra8+ Ke7 51. d6+ Ke6 52. dxc7 g2
53. c8=Q+ Kxe5 54. Qxg4 1-0

[Event "63. BEM 2009"]
[Site "Dortmund"]
[Date "2009.02.24"]
[Round "2.7"]
[White "Clausen, Dirk"]
[Black "Borjini, Mohamed"]
[Result "1/2-1/2"]
[WhiteElo "1606"]
[BlackElo "1941"]
[PlyCount "110"]
[EventDate "2009.??.??"]
[Source "SG Dortmund"]
[SourceDate "2004.12.16"]

1. d4 Nf6 2. c4 g6 3. Nc3 Bg7 4. Nf3 O-O 5. e3 d6 6. Be2 Nbd7 7. b3 e5 8. Ba3
e4 9. Nd2 Re8 10. Qc2 Qe7 11. Nb5 Qd8 12. g4 h6 13. h4 a6 14. Nc3 c5 15. g5
cxd4 16. exd4 hxg5 17. O-O-O Nb8 18. Ndxe4 Nxe4 19. Nxe4 Bf5 20. Bd3 Nc6 21.
Nxg5 Nxd4 22. Qd2 Bxd3 23. Qxd3 Ne2+ 24. Kc2 Qa5 25. b4 Qa4+ 26. Qb3 Nd4+ 27.
Rxd4 Qxb3+ 28. Kxb3 Bxd4 29. h5 Bxf2 30. Bb2 Re3+ 31. Ka4 b5+ 32. cxb5 axb5+
33. Kxb5 gxh5 34. Rxh5 Re5+ 35. Bxe5 dxe5 36. a4 Kg7 37. Ne4 Bd4 38. Rg5+ Kf8
39. Nc5 Ke7 40. a5 Kd6 41. a6 Rb8+ 42. Nb7+ Kd5 43. Rf5 Ke6 44. Rh5 e4 45. Kc4
Ba7 46. Nc5+ Bxc5 47. Kxc5 f5 48. b5 e3 49. a7 Rc8+ 50. Kd4 e2 51. Rh6+ Kd7 52.
Rh1 Ra8 53. Ra1 Kc7 54. Ke3 Kb6 55. Kxe2 Kxb5 1/2-1/2

[Event "63. BEM 2009"]
[Site "Dortmund"]
[Date "2009.02.24"]
[Round "2.8"]
[White "Reinacher, Detlev"]
[Black "Simon, Thomas"]
[Result "0-1"]
[WhiteElo "1554"]
[BlackElo "1932"]
[PlyCount "60"]
[EventDate "2009.??.??"]
[Source "SG Dortmund"]
[SourceDate "2004.12.16"]

1. d4 Nf6 2. c4 e6 3. Nc3 Bb4 4. Qc2 O-O 5. Nf3 c5 6. e3 cxd4 7. exd4 d5 8. a3
Be7 9. cxd5 exd5 10. Bd3 Nc6 11. h3 Bd7 12. Bf4 Rc8 13. O-O Qb6 14. Be5 Be6 15.
Rac1 Nxe5 16. dxe5 Ne4 17. Bxe4 dxe4 18. Qxe4 Qxb2 19. Ne2 b6 20. Nfd4 Qxa3 21.
Ra1 Qb4 22. Rfb1 Qc4 23. Qb7 Rc7 24. Qf3 Qd5 25. Qg3 Ra8 26. Nb5 Rd7 27. Ned4
a6 28. Nxe6 fxe6 29. Nd6 Bxd6 30. Rd1 Qxe5 0-1

[Event "63. BEM 2009"]
[Site "Dortmund"]
[Date "2009.02.24"]
[Round "2.9"]
[White "Schütte, Tobias"]
[Black "Gerke, Dieter"]
[Result "1-0"]
[WhiteElo "1912"]
[BlackElo "1587"]
[PlyCount "59"]
[EventDate "2009.??.??"]
[Source "SG Dortmund"]
[SourceDate "2004.12.16"]

1. e4 c5 2. Nf3 e6 3. d4 cxd4 4. Nxd4 a6 5. g3 Nf6 6. Bg2 Be7 7. O-O Qc7 8. Nc3
Nc6 9. Be3 O-O 10. Qe2 b5 11. g4 b4 12. g5 bxc3 13. gxf6 Bxf6 14. bxc3 Rb8 15.
f4 Nxd4 16. cxd4 Qc3 17. e5 Be7 18. Rab1 Rb2 19. Rxb2 Qxb2 20. Qc4 Bb4 21. d5
Qc3 22. Qxc3 Bxc3 23. Bc5 Re8 24. dxe6 dxe6 25. Rd1 Ba5 26. c4 Rd8 27. Bd6 Bb6+
28. Kf1 f6 29. Ke2 Bd7 30. Be7 1-0

[Event "63. BEM 2009"]
[Site "Dortmund"]
[Date "2009.02.24"]
[Round "2.10"]
[White "Benke, Werner"]
[Black "Kropp, Andreas"]
[Result "0-1"]
[WhiteElo "1543"]
[BlackElo "1884"]
[PlyCount "48"]
[EventDate "2009.??.??"]
[Source "SG Dortmund"]
[SourceDate "2004.12.16"]

1. e4 c5 2. Nf3 e6 3. d4 cxd4 4. Nxd4 Nf6 5. Bd3 Nc6 6. Nxc6 dxc6 7. O-O Bc5 8.
Kh1 e5 9. h3 Be6 10. Qe2 Qd7 11. Be3 Bxe3 12. Qxe3 O-O 13. Rd1 Qe7 14. Qg5 Qc5
15. f4 Qe3 16. Rf1 Nxe4 17. Bxe4 Qxe4 18. Qxe5 Qxc2 19. Nc3 Rfe8 20. Qd4 Rad8
21. Qxa7 Qxb2 22. Nd1 Qxa1 23. Ne3 Qxa2 24. Qxb7 Bxh3 0-1

[Event "63. BEM 2009"]
[Site "Dortmund"]
[Date "2009.02.24"]
[Round "2.11"]
[White "Hellwig, Thomas"]
[Black "Noori, Mir Ahmad"]
[Result "1-0"]
[WhiteElo "1858"]
[BlackElo "1548"]
[PlyCount "101"]
[EventDate "2009.??.??"]
[Source "SG Dortmund"]
[SourceDate "2004.12.16"]

1. d4 e6 2. Nf3 d6 3. e4 g6 4. Nc3 Bg7 5. Be3 Ne7 6. Qd2 h6 7. O-O-O a6 8. g4
Nd7 9. h4 b5 10. d5 e5 11. Bh3 Rb8 12. Ne2 Nb6 13. b3 Bd7 14. g5 h5 15. Qa5
Bxh3 16. Rxh3 Qc8 17. Rg3 O-O 18. Nd2 Qd7 19. Nc3 Qc8 20. f4 exf4 21. Bxf4 Nd7
22. b4 Bxc3 23. Rxc3 Ne5 24. Bxe5 dxe5 25. Qxc7 Qxc7 26. Rxc7 Nc8 27. Nf3 Nd6
28. Re1 Rfe8 29. Rc6 Nc4 30. Nd2 Rb6 31. Rc7 Nd6 32. Nb3 Kf8 33. Nc5 Re7 34.
Rxe7 Kxe7 35. Rf1 Nc4 36. Rf3 a5 37. bxa5 Nxa5 38. Ra3 Nc4 39. Ra7+ Ke8 40. Nd3
Kf8 41. a4 b4 42. a5 Rb8 43. a6 Kg7 44. Rb7 Ra8 45. Nxb4 Nd6 46. Rd7 Nxe4 47.
a7 Nc5 48. Rc7 Ne4 49. Nc6 Nc3 50. d6 Nd5 51. Rb7 1-0

[Event "63. BEM 2009"]
[Site "Dortmund"]
[Date "2009.02.24"]
[Round "2.12"]
[White "Ezzat, Tarik"]
[Black "Hoppe, Dirk"]
[Result "1/2-1/2"]
[WhiteElo "1517"]
[BlackElo "1818"]
[PlyCount "82"]
[EventDate "2009.??.??"]
[Source "SG Dortmund"]
[SourceDate "2004.12.16"]

1. Nc3 d5 2. e4 e6 3. d4 dxe4 4. Nxe4 Nd7 5. Nf3 Ngf6 6. Bd3 Be7 7. O-O O-O 8.
Re1 b6 9. Qe2 Bb7 10. Neg5 Bd6 11. Ne5 Qe7 12. c4 c5 13. Nxd7 Qxd7 14. Qc2 h6
15. dxc5 Bxc5 16. Nh3 Qc6 17. Nf4 e5 18. Rxe5 Bd6 19. Nd5 Kh8 20. Rf5 Rac8 21.
Qe2 Rfe8 22. Be3 Re5 23. Rxe5 Bxe5 24. Bxh6 Bxh2+ 25. Kxh2 gxh6 26. Qe5 Kg7 27.
Qg3+ Kf8 28. Bf5 Rd8 29. Qh4 Qd6+ 30. Nf4 Nh5 31. Qxh5 Qxf4+ 32. Kg1 Rd2 33.
Rf1 Rxb2 34. g3 Qg5 35. Qxg5 hxg5 36. Ra1 Ke7 37. Kf1 Ba6 38. Bd3 Kd6 39. a3
Rd2 40. c5+ bxc5 41. Bxa6 Kd5 1/2-1/2

[Event "63. BEM 2009"]
[Site "Dortmund"]
[Date "2009.02.24"]
[Round "2.13"]
[White "Jentzsch, Werner Wilfried"]
[Black "Ziperstein, Jakob"]
[Result "0-1"]
[WhiteElo "1414"]
[BlackElo "1801"]
[PlyCount "80"]
[EventDate "2009.??.??"]
[Source "SG Dortmund"]
[SourceDate "2004.12.16"]

1. d4 Nf6 2. c4 g6 3. Nc3 Bg7 4. e4 O-O 5. f4 d6 6. Nf3 c5 7. d5 a6 8. Qc2 b5
9. cxb5 axb5 10. Bxb5 Qa5 11. Bd3 Na6 12. Bxa6 Bxa6 13. Bd2 Rfb8 14. a3 Ra7 15.
Kf2 Rab7 16. b4 Qb6 17. Kg3 Rc7 18. Rab1 cxb4 19. Rxb4 Qa7 20. Rxb8+ Qxb8 21.
Rb1 Qc8 22. Qb3 Nh5+ 23. Kf2 Bxc3 24. Bxc3 Rxc3 25. Qb8 Rc2+ 26. Kg1 Nxf4 27.
Qxc8+ Bxc8 28. Rb8 Rxg2+ 29. Kf1 Rc2 30. Ke1 Kg7 31. Nd4 Rc4 32. Rb4 Nd3+ 33.
Kd2 Nxb4 34. axb4 Rxd4+ 35. Kc3 Rxe4 36. Kd3 Rh4 37. Ke3 Kf6 38. b5 Ke5 39. b6
Bb7 40. h3 Rxh3+ 0-1

[Event "63. BEM 2009"]
[Site "Dortmund"]
[Date "2009.02.24"]
[Round "2.14"]
[White "Sonntag, Joachim"]
[Black "Wiebesiek, Michael"]
[Result "1/2-1/2"]
[WhiteElo "1788"]
[BlackElo "1524"]
[PlyCount "74"]
[EventDate "2009.??.??"]
[Source "SG Dortmund"]
[SourceDate "2004.12.16"]

1. e4 Nc6 2. d4 d5 3. e5 Bf5 4. Bb5 a6 5. Ba4 h5 6. Nf3 e6 7. Bg5 Be7 8. h4 Bg4
9. Qd2 Bxf3 10. gxf3 Bxg5 11. hxg5 Nge7 12. Nc3 Nf5 13. Ne2 Qe7 14. Ng3 Kf8 15.
c3 g6 16. f4 Na5 17. Bd1 Kg7 18. b3 Qa3 19. Nxf5+ gxf5 20. Qc2 h4 21. b4 Nc4
22. Qb3 h3 23. Be2 Qxb3 24. axb3 Nb6 25. Kd2 Nc8 26. Rh2 Rh4 27. Ke3 Ne7 28.
Rah1 Rah8 29. Bf1 Ng6 30. Rxh3 Rxf4 31. f3 Rfh4 32. Rxh4 f4+ 33. Kf2 Rxh4 34.
Rxh4 Nxh4 35. Bd3 Nf5 36. Bxf5 exf5 37. c4 c6 1/2-1/2

[Event "63. BEM 2009"]
[Site "Dortmund"]
[Date "2009.02.24"]
[Round "2.15"]
[White "Begna, Bozidar"]
[Black "Völler, Lothar"]
[Result "1-0"]
[WhiteElo "1937"]
[BlackElo "1492"]
[PlyCount "49"]
[EventDate "2009.??.??"]
[Source "SG Dortmund"]
[SourceDate "2004.12.16"]

1. e4 e5 2. Nf3 Nc6 3. Bb5 f5 4. Nc3 Nf6 5. exf5 e4 6. Qe2 d5 7. d3 Bb4 8. dxe4
Bxc3+ 9. bxc3 dxe4 10. O-O O-O 11. Ng5 Bxf5 12. Rd1 Qe8 13. Qc4+ Kh8 14. Ba3
Qg6 15. Bxf8 Qxg5 16. Bxc6 bxc6 17. Be7 e3 18. f3 Re8 19. Rd8 Rxd8 20. Bxd8 Bh3
21. Qe2 Be6 22. Re1 Bxa2 23. Qxe3 Qxe3+ 24. Rxe3 Nd5 25. Re8# 1-0

[Event "63. BEM 2009"]
[Site "Dortmund"]
[Date "2009.02.24"]
[Round "2.16"]
[White "Rzoczek, Christoph"]
[Black "Hansen, Jochen"]
[Result "1-0"]
[WhiteElo "1622"]
[BlackElo "1396"]
[PlyCount "81"]
[EventDate "2009.??.??"]
[Source "SG Dortmund"]
[SourceDate "2004.12.16"]

1. e4 c5 2. d4 cxd4 3. Qxd4 Nc6 4. Qd1 e5 5. Nf3 Nf6 6. Bg5 Qa5+ 7. Bd2 Qb6 8.
Nc3 Ng4 9. Qe2 Bc5 10. Na4 Bxf2+ 11. Kd1 Qa6 12. Qxa6 bxa6 13. Bc4 O-O 14. Ke2
Bb6 15. Raf1 Nd4+ 16. Nxd4 Bxd4 17. Bb4 Bb7 18. Bxf8 Rxf8 19. c3 Ne3 20. Bxf7+
Rxf7 21. Rxf7 Kxf7 22. cxd4 exd4 23. Nc5 Bc6 24. Kd3 Nxg2 25. Rf1+ Ke7 26. Kxd4
Bb5 27. Rg1 Nf4 28. Rxg7+ Kf6 29. Rxh7 d6 30. Nb7 Ne6+ 31. Kd5 Ng5 32. Rh6+ Ke7
33. Nxd6 Kd7 34. Nxb5 axb5 35. Ra6 Nf3 36. Rxa7+ Kc8 37. h3 Ng5 38. Kc6 Kd8 39.
e5 b4 40. h4 Ne6 41. Kd6 1-0

[Event "63. BEM 2009"]
[Site "Dortmund"]
[Date "2009.02.24"]
[Round "2.17"]
[White "Weih, Kurt"]
[Black "Kartsev, Alexandr"]
[Result "0-1"]
[WhiteElo "1232"]
[BlackElo "1988"]
[PlyCount "38"]
[EventDate "2009.??.??"]
[Source "SG Dortmund"]
[SourceDate "2004.12.16"]

1. e4 c5 2. f4 d6 3. Bc4 Nc6 4. f5 e6 5. Nf3 exf5 6. d3 fxe4 7. Ng5 d5 8. O-O
Nf6 9. Bb5 h6 10. Nxf7 Kxf7 11. dxe4 dxe4 12. Qh5+ Kg8 13. Bc4+ Kh7 14. Rxf6
Qxf6 15. Bf7 g6 16. Qd5 Bf5 17. Nc3 Rd8 18. Nxe4 Bxe4 19. Qxe4 Rd1+ 0-1

[Event "63. BEM 2009"]
[Site "Dortmund"]
[Date "2009.02.24"]
[Round "2.18"]
[White "Morawietz, Manuel"]
[Black "Fahle, Karl-Wilhelm"]
[Result "1-0"]
[WhiteElo "1810"]
[BlackElo "1202"]
[PlyCount "120"]
[EventDate "2009.??.??"]
[Source "SG Dortmund"]
[SourceDate "2004.12.16"]

1. e4 c5 2. Nf3 Nc6 3. g3 e5 4. Bg2 d6 5. O-O Be7 6. c3 c4 7. Na3 Be6 8. d4
cxd3 9. Qxd3 Qd7 10. Be3 a6 11. Rfd1 Bh3 12. Bh1 Qc7 13. Nc4 f6 14. Bb6 Qb8 15.
a4 Nh6 16. Nxd6+ Qxd6 17. Qxd6 Bxd6 18. Rxd6 O-O 19. a5 Nf7 20. Rd2 Ng5 21.
Nxg5 fxg5 22. Bg2 Bxg2 23. Kxg2 g4 24. Rd7 Rad8 25. Rad1 Rxd7 26. Rxd7 Rf7 27.
Rd5 h5 28. h3 gxh3+ 29. Kxh3 Kh7 30. b4 Re7 31. Bc5 Re6 32. Rd7 Kg6 33. Bf8 Re8
34. Bc5 Nd8 35. Bb6 Nf7 36. Bc5 Ng5+ 37. Kg2 Nxe4 38. Rxb7 Nxc3 39. Rb6+ Kf5
40. Rxa6 g5 41. Rh6 Ne4 42. a6 Nxc5 43. bxc5 Ra8 44. Rd6 g4 45. Kf1 Ke4 46. Ke2
Rb8 47. a7 Rb2+ 48. Kf1 Ra2 49. Rd7 Kf3 50. Rf7+ Ke4 51. c6 Kd5 52. c7 Rxa7 53.
c8=Q Rxf7 54. Qg8 Ke6 55. Qg6+ Rf6 56. Qxh5 e4 57. Ke2 Rf5 58. Qxg4 e3 59. Kxe3
Kf6 60. Qxf5+ Kxf5 1-0

[Event "63. BEM 2009"]
[Site "Dortmund"]
[Date "2009.02.24"]
[Round "2.19"]
[White "Strotmann, Dieter"]
[Black "Grawe, Herbert"]
[Result "1/2-1/2"]
[WhiteElo "1192"]
[BlackElo "1491"]
[PlyCount "109"]
[EventDate "2009.??.??"]
[Source "SG Dortmund"]
[SourceDate "2004.12.16"]

1. d4 Nc6 2. Nf3 e6 3. e4 Nce7 4. Bd3 Ng6 5. e5 c5 6. c3 d5 7. Bxg6 hxg6 8. Be3
b6 9. Nbd2 Be7 10. Rc1 c4 11. b4 g5 12. Nf1 f5 13. exf6 gxf6 14. Qc2 Kf7 15.
Ng3 g4 16. Ng1 f5 17. Bf4 Nf6 18. Be5 Qg8 19. N1e2 Rh6 20. Qd2 Qh7 21. Nf4 Bd7
22. Ke2 Rg8 23. Rce1 Ke8 24. Kd1 Ne4 25. Nxe4 fxe4 26. Qe3 Bg5 27. Kc1 Qe7 28.
Qe2 Rf8 29. g3 a5 30. a3 axb4 31. axb4 Ba4 32. Qxg4 Kd7 33. Kb2 Bxf4 34. Bxf4
Rhf6 35. Re2 Qf7 36. h4 Rg8 37. Qh3 Qh5 38. Rhe1 Rff8 39. Qh2 Ra8 40. Kc1 Bb3
41. Qh1 Ra1+ 42. Kd2 Ra2+ 43. Ke3 Rga8 44. f3 Bc2 45. g4 Qh7 46. h5 R8a3 47.
Kf2 Rxc3 48. Be3 Raa3 49. Ra1 exf3 50. Rxa3 fxe2 51. Ra7+ Kc6 52. Rxh7 Bxh7 53.
Kxe2 Bd3+ 54. Kf2 Rc2+ 55. Kg3 1/2-1/2

[Event "63. BEM 2009"]
[Site "Dortmund"]
[Date "2009.02.24"]
[Round "2.20"]
[White "Zabel, Reinhard"]
[Black "Kiauka, Richard"]
[Result "1-0"]
[WhiteElo "1489"]
[BlackElo "1148"]
[PlyCount "133"]
[EventDate "2009.??.??"]
[Source "SG Dortmund"]
[SourceDate "2004.12.16"]

1. e4 e5 2. Nf3 Nf6 3. Nxe5 d6 4. Nf3 Nxe4 5. d4 Be7 6. Bd3 Nf6 7. c4 Bg4 8.
Bg5 Nc6 9. Be2 O-O 10. Nc3 h6 11. Bh4 Re8 12. O-O Qd7 13. Re1 Nh7 14. Bg3 Bf6
15. d5 Bxf3 16. Bxf3 Rxe1+ 17. Qxe1 Re8 18. Qd2 Ne5 19. Bxe5 Bg5 20. Bf4 Bh4
21. Bg3 Bg5 22. Bf4 Bh4 23. g3 Bf6 24. Re1 Ng5 25. Bxg5 Rxe1+ 26. Qxe1 Bxg5 27.
Qe4 f5 28. Qe6+ Qxe6 29. dxe6 c6 30. Bh5 Bf6 31. Nd1 Kf8 32. b3 Ke7 33. Bf7 g6
34. f3 g5 35. h3 Be5 36. g4 fxg4 37. hxg4 d5 38. cxd5 cxd5 39. Kf1 d4 40. Ke2
Kd6 41. Kd3 b5 42. Ke4 Bf6 43. Nf2 Kc5 44. Nd3+ Kd6 45. Kf5 Be7 46. Kg6 Bf8 47.
Kf6 Be7+ 48. Kg7 a5 49. Kxh6 a4 50. Kg6 Kd5 51. Kf5 Bd8 52. f4 gxf4 53. Kxf4
axb3 54. axb3 Kd6 55. Kf5 Be7 56. g5 Bf8 57. Be8 b4 58. Nxb4 Ke7 59. Bf7 Kd8
60. Nd3 Bg7 61. b4 Ke7 62. b5 Kf8 63. b6 Be5 64. b7 Kg7 65. Nxe5 Kh7 66. b8=Q
d3 67. Qg8# 1-0

[Event "63. BEM 2009"]
[Site "Dortmund"]
[Date "2009.02.24"]
[Round "2.21"]
[White "Hast, Stefan"]
[Black "Schrimpl, Michael"]
[Result "1-0"]
[WhiteElo "1143"]
[BlackElo "1476"]
[PlyCount "83"]
[EventDate "2009.??.??"]
[Source "SG Dortmund"]
[SourceDate "2004.12.16"]

1. e4 c6 2. d4 d5 3. f3 dxe4 4. fxe4 Nf6 5. Bc4 Bg4 6. Nf3 Nxe4 7. Bxf7+ Kxf7
8. Ne5+ Kg8 9. Qxg4 Qd5 10. c4 Nf6 11. cxd5 Nxg4 12. Nxg4 cxd5 13. Ne5 Nc6 14.
Nxc6 bxc6 15. b3 e6 16. Ba3 g5 17. Bxf8 Rxf8 18. Nd2 g4 19. Rf1 Kg7 20. Rxf8
Rxf8 21. Rc1 Rc8 22. h3 h5 23. Rc3 Kf6 24. Ke2 e5 25. hxg4 hxg4 26. dxe5+ Kxe5
27. b4 Rc7 28. Nb3 Kf4 29. g3+ Ke5 30. Na5 Rh7 31. Nxc6+ Kd6 32. Ke3 Rh3 33.
Kf4 Rh2 34. a4 a6 35. Ne5 Re2 36. Rc6+ Ke7 37. Kf5 Rf2+ 38. Kxg4 d4 39. b5 axb5
40. axb5 Rb2 41. b6 Rb4 42. Kf5 1-0

[Event "63. BEM 2009"]
[Site "Dortmund"]
[Date "2009.02.24"]
[Round "2.22"]
[White "Gegner, Michael"]
[Black "Bönke, Holger E"]
[Result "1-0"]
[WhiteElo "1440"]
[BlackElo "1121"]
[PlyCount "57"]
[EventDate "2009.??.??"]
[Source "SG Dortmund"]
[SourceDate "2004.12.16"]

1. e4 e6 2. d4 a5 3. f4 d5 4. e5 c5 5. c3 Bd7 6. Nf3 Nh6 7. Bd3 b5 8. O-O b4 9.
h3 Nc6 10. g4 g6 11. Be3 a4 12. Qd2 a3 13. b3 bxc3 14. Nxc3 cxd4 15. Nxd4 Bb4
16. Rac1 Rc8 17. f5 Nxd4 18. Bxd4 Qh4 19. Qe3 gxf5 20. gxf5 Rg8+ 21. Kh1 Ng4
22. Qf3 Bc5 23. fxe6 Bxe6 24. Bb5+ Ke7 25. Bxc5+ Rxc5 26. Ne2 Rxb5 27. Rc7+ Kd8
28. Nd4 Nxe5 29. Nxe6+ 1-0

[Event "63. BEM 2009"]
[Site "Dortmund"]
[Date "2009.02.24"]
[Round "2.23"]
[White "Vogt, Christian"]
[Black "Schirmer, Michael"]
[Result "0-1"]
[WhiteElo "1046"]
[BlackElo "1424"]
[PlyCount "68"]
[EventDate "2009.??.??"]
[Source "SG Dortmund"]
[SourceDate "2004.12.16"]

1. d4 e6 2. c4 c5 3. d5 exd5 4. cxd5 d6 5. e4 g6 6. Nc3 Bg7 7. Nf3 Nf6 8. Be2
O-O 9. O-O Bg4 10. Nd2 Bxe2 11. Qxe2 Re8 12. Re1 a6 13. a4 Nbd7 14. h3 Nh5 15.
Nc4 Ne5 16. g4 Nxc4 17. Qxc4 Nf6 18. Bf4 Qd7 19. f3 Qc7 20. a5 Nd7 21. Qa4 Ne5
22. Bxe5 Bxe5 23. Qc4 Qe7 24. Qf1 Rab8 25. Reb1 b5 26. axb6 Rxb6 27. Rxa6 Rxa6
28. Qxa6 Qh4 29. Qf1 Rb8 30. Ne2 Rb3 31. Kg2 c4 32. Qf2 Qh6 33. Nd4 Rd3 34. Nc2
Rd2 0-1

[Event "63. BEM 2009"]
[Site "Dortmund"]
[Date "2009.02.24"]
[Round "2.24"]
[White "Rabe, Mark"]
[Black "Siwy, Boguslaw"]
[Result "0-1"]
[WhiteElo "999"]
[BlackElo "1412"]
[PlyCount "172"]
[EventDate "2009.??.??"]
[Source "SG Dortmund"]
[SourceDate "2004.12.16"]

1. Nf3 d6 2. d4 Nf6 3. Bf4 Nbd7 4. e3 c5 5. c3 g6 6. dxc5 Nxc5 7. Be2 Bg7 8.
O-O Nh5 9. Bg5 Bd7 10. Nd4 h6 11. Bh4 Nf6 12. h3 Qc7 13. Nd2 O-O-O 14. b4 Ne6
15. Nb5 Bxb5 16. Bxb5 Nh5 17. Ne4 f5 18. Ng3 Nf6 19. Ne2 g5 20. Bg3 Kb8 21. a4
a6 22. Bd3 f4 23. exf4 gxf4 24. Bxf4 Nxf4 25. Nxf4 Qd7 26. b5 a5 27. b6 e5 28.
Bb5 Qf7 29. Nd3 Nd5 30. Qe1 Nxb6 31. Qe3 Nd5 32. Qe1 Qf5 33. Rb1 e4 34. Bc6 Kc7
35. Bxd5 Qxd5 36. Nf4 Qf5 37. Ne2 Rhg8 38. Ng3 Qg6 39. c4 b6 40. Qe3 Rb8 41.
Rb3 h5 42. Rfb1 h4 43. Nxe4 Bd4 44. Qf3 Rbf8 45. Qg4 Qxg4 46. hxg4 Rxg4 47. Kh2
Rxe4 48. f3 Re2 49. Rd1 Be5+ 50. Kh3 Rc2 51. c5 dxc5 52. Rbd3 Bd4 53. Re1 Rg8
54. Re7+ Kd6 55. Rb7 Kc6 56. Re7 Rcxg2 57. f4 R2g3+ 58. Rxg3 hxg3 59. Kg2 Rg4
60. Rf7 c4 61. Rh7 c3 62. Rh1 Kc5 63. Rc1 Kc4 64. f5 Rf4 65. Kxg3 Rxf5 66. Kg4
Rf2 67. Kg3 Rb2 68. Kf3 Kb3 69. Ke4 Bg7 70. Kd3 Rd2+ 71. Ke4 Kb2 72. Rg1 Bd4
73. Rf1 c2 74. Re1 c1=Q 75. Rxc1 Kxc1 76. Kd5 Bc5+ 77. Kc4 Kc2 78. Kb5 Kb3 79.
Kc6 Kxa4 80. Kb7 Kb5 81. Kc7 Rd6 82. Kb7 Rd7+ 83. Kc8 Kc6 84. Kb8 Rd8+ 85. Ka7
b5+ 86. Ka6 Ra8# 0-1

[Event "63. BEM 2009"]
[Site "Dortmund"]
[Date "2009.02.24"]
[Round "2.25"]
[White "Boxberg, Marc"]
[Black "Müller, Michaela"]
[Result "1-0"]
[WhiteElo "1409"]
[BlackElo "1025"]
[PlyCount "33"]
[EventDate "2009.??.??"]
[Source "SG Dortmund"]
[SourceDate "2004.12.16"]

1. e4 e6 2. d4 d5 3. e5 c5 4. c3 Nc6 5. Nf3 Bd7 6. Be3 cxd4 7. cxd4 Bb4+ 8.
Nbd2 Nge7 9. a3 Ba5 10. b4 Bb6 11. Bd3 Rc8 12. O-O Nb8 13. Qe2 a6 14. Rfc1 O-O
15. Bxh7+ Kxh7 16. Ng5+ Kg8 17. Qh5 1-0

[Event "63. BEM 2009"]
[Site "Dortmund"]
[Date "2009.02.24"]
[Round "2.26"]
[White "Gennat, Egon L"]
[Black "Böckmann, Lieselotte"]
[Result "0-1"]
[WhiteElo "1362"]
[BlackElo "978"]
[PlyCount "104"]
[EventDate "2009.??.??"]
[Source "SG Dortmund"]
[SourceDate "2004.12.16"]

1. d4 d5 2. c4 e6 3. cxd5 exd5 4. Nf3 Be7 5. Nc3 Nf6 6. Bf4 Nc6 7. Nb5 Bb4+ 8.
Nc3 O-O 9. a3 Ba5 10. b4 Bb6 11. e3 a6 12. b5 Ne7 13. Be2 c5 14. O-O c4 15. Qc2
Bf5 16. Qb2 Nh5 17. Bg5 Bc7 18. h3 Qd6 19. Ne5 f6 20. Bxh5 Ng6 21. Bxg6 Bxg6
22. Bf4 fxe5 23. Bxe5 Qd7 24. Bxc7 Qxc7 25. Nxd5 Qf7 26. Nf4 Bf5 27. a4 a5 28.
Rac1 Rac8 29. Rc3 h6 30. Rfc1 g5 31. g4 Be4 32. f3 gxf4 33. fxe4 f3 34. Qf2 h5
35. d5 Qg7 36. Qg3 Rf7 37. e5 Rcf8 38. Kf2 Qh7 39. Rxc4 h4 40. Qh2 Qd3 41. R1c2
Re7 42. d6 Re6 43. d7 Qxd7 44. Rd4 Qh7 45. Rcd2 Qc7 46. Qg1 Qxe5 47. e4 Qf4 48.
e5 Qxe5 49. R4d3 Qc5+ 50. Rd4 Re2+ 51. Kf1 Rfe8 52. Rd1 Qe5 0-1

[Event "63. BEM 2009"]
[Site "Dortmund"]
[Date "2009.02.24"]
[Round "2.27"]
[White "Schirmer, Florian"]
[Black "Schaefer, Ulrich"]
[Result "0-1"]
[WhiteElo "952"]
[BlackElo "1328"]
[PlyCount "48"]
[EventDate "2009.??.??"]
[Source "SG Dortmund"]
[SourceDate "2004.12.16"]

1. d4 Nf6 2. c4 e6 3. Nc3 Bb4 4. Bg5 h6 5. Bh4 c5 6. d5 exd5 7. cxd5 d6 8. e4
O-O 9. Bd3 Re8 10. h3 Bf5 11. Qf3 Bg6 12. Bxf6 Qxf6 13. Qxf6 gxf6 14. f3 f5 15.
O-O-O Bxc3 16. exf5 Bf6 17. fxg6 c4 18. gxf7+ Kxf7 19. Bxc4 Rc8 20. b3 b5 21.
Re1 bxc4 22. Kc2 cxb3+ 23. Kxb3 Nd7 24. Re3 Rab8+ 0-1

[Event "63. BEM 2009"]
[Site "Dortmund"]
[Date "2009.02.24"]
[Round "2.28"]
[White "Schoppe, Hans-Werner"]
[Black "Wilkins, Petra"]
[Result "1-0"]
[WhiteElo "1299"]
[BlackElo "780"]
[PlyCount "122"]
[EventDate "2009.??.??"]
[Source "SG Dortmund"]
[SourceDate "2004.12.16"]

1. d4 d5 2. e3 Nc6 3. c4 dxc4 4. Bxc4 Be6 5. d5 Ne5 6. Bb3 Bf5 7. Qd4 Nd3+ 8.
Kd2 Qd6 9. Ne2 Nf6 10. Nbc3 Rd8 11. Ng3 Bg4 12. Qxd3 g6 13. f3 Bd7 14. Nge4
Nxe4+ 15. Nxe4 Qe5 16. Nc3 Bg7 17. f4 Qf6 18. g3 Bf5 19. e4 Bg4 20. Ke3 Qb6+
21. Kd2 c6 22. Ba4 O-O 23. h3 Qf2+ 24. Ne2 Bf3 25. Re1 b5 26. Bb3 a5 27. Kd1 a4
28. Be3 Bxe2+ 29. Rxe2 Qxg3 30. Bc2 Qxh3 31. Rb1 Rd7 32. b3 a3 33. b4 Rfd8 34.
Bb3 e6 35. Kc2 Qf3 36. Rf2 Qg3 37. Rbf1 Rc8 38. Rf3 Qg2+ 39. R1f2 Qh1 40. Rf1
Qh2+ 41. R3f2 Qh3 42. Qe2 cxd5+ 43. Bc5 Qc3+ 44. Kd1 dxe4+ 45. Qd2 Rxd2+ 46.
Rxd2 Rd8 47. Rxd8+ Bf8 48. Bxf8 Qa1+ 49. Ke2 Qb2+ 50. Ke1 Qf6 51. Re8 h5 52.
Be7+ Kg7 53. Bxf6+ Kxf6 54. Rb8 Kf5 55. Rxb5+ Kf6 56. Re5 h4 57. Rxe4 h3 58.
Re5 g5 59. Rxg5 Ke7 60. Rh5 f6 61. Rxh3 f5 1-0